Environmental science

Сохранить в:
Библиографические подробности
Главный автор: G. Tyler Miller
Формат:
Язык:Undetermined
Опубликовано: a Books/Cole Thomson Learning 2003
Метки: Добавить метку
Нет меток, Требуется 1-ая метка записи!
Thư viện lưu trữ: Trung tâm Học liệu Trường Đại học Cần Thơ
LEADER 00405nam a2200157Ia 4500
001 CTU_65957
008 210402s9999 xx 000 0 und d
020 |b 1359000 
082 |a 333.72 
082 |b M674 
100 |a G. Tyler Miller 
245 0 |a Environmental science 
260 |a a 
260 |b Books/Cole Thomson Learning 
260 |c 2003 
980 |a Trung tâm Học liệu Trường Đại học Cần Thơ